Państwa świata z literą G - Statystyki

Ogólne statystyki
  • Ten quiz został rozwiązany 2 790 razy
    2 774 od ostatniego zresetowania
  • Średni wynik to 32 z 46
Statystyki odpowiedzi
Państwo % Poprawnych
Grecja
94%
Gruzja
92%
Gwinea
88%
Gwinea Równikowa
84%
Gwinea Bissau
82%
Gwatemala
81%
Gambia
79%
Gujana
79%
Argentyna
78%
Demokratyczna Republika Konga
77%
Gabon
77%
Afganistan
76%
Algieria
76%
Egipt
74%
Ghana
74%
Grenada
74%
Kongo
74%
Portugalia
74%
Angola
73%
Norwegia
72%
Paragwaj
72%
Urugwaj
72%
Bułgaria
71%
Antigua i Barbuda
68%
Belgia
68%
Madagaskar
68%
Papua Nowa Gwinea
67%
Niger
66%
Nigeria
65%
Czarnogóra
64%
Luksemburg
64%
Mongolia
64%
Uganda
64%
Bośnia i Hercegowina
63%
Bangladesz
62%
Togo
62%
Senegal
61%
Kirgistan
60%
Węgry
60%
Nikaragua
59%
Tonga
59%
Republika Zielonego Przylądka
57%
Trynidad i Tobago
57%
Saint Vincent i Grenadyny
52%
Singapur
47%
Wyspy Świętego Tomasza i Książęca
45%
Nie znaleziono quizów pasujących do podanych kryteriów
Rozkład punktacji
Procent ludzi z każdym wynikiem
Percentyl według liczby udzielonych odpowiedzi
Twoja historia wyników
Nie rozwiązałeś tego quizu od ostatniego zresetowania